000 00659nas a2200229 4500
001 BR9601590
003 BR-BrBNA
005 20231205094705.0
007 ta
008 230509b bl.|||p| |||| 00| 00por d
040 _aBR-BrBNA
_bpor
_cBiblioteca Nacional de Agricultura
041 _a(Pt)
072 _aN20
100 1 _aGumiela Neto, J.
100 1 _aBorges, I.O.
245 1 _aEletrificador intermitente de cerca
650 _aCerca Eletrica
650 _aEletrificacao
773 0 _tRevista do Setor de Ciencias Agrarias (Brazil)
_x
_g(1994), v. 13(1-2) p. 157-160
_wBR9601590
909 _a202311
_bLúcia
_c55
_dLúcia Elande
942 _2AGRIS
_n0
_cANA
999 _c146169
_d146169